[Event "2. BUNDESLIGA MITTE 2017/2018"]
[Site "St. Valentin, Pinggau/Villach/Taufkirchen, Fuerstenfeld, St. Veit"]
[Date "2018.02.10"]
[Round "8"]
[Board "6"]
[White "Koelber, Daniel"]
[Black "Hiermann, Dietmar"]
[Result "1/2-1/2"]
[WhiteElo "2049"]
[BlackElo "2257"]
[PlyCount "59"]
[EventDate "2017.10.27"]
[EventType "team"]
[EventRounds "11"]
[EventCountry "AUT"]
[WhiteTeam "Leoben"]
[BlackTeam "SPG Sauwald"]

1. e4 e5 2. Nf3 Nc6 3. Bb5 a6 4. Bxc6 dxc6 5. O-O Bd6 6. d4 exd4 7. Qxd4 f6 8.
Be3 Ne7 9. Nbd2 Be6 10. Qc3 O-O 11. Nc4 Ng6 12. Rad1 Qe7 13. Nxd6 cxd6 14. Rd2
Rfd8 15. Bb6 Rd7 16. Nd4 Bf7 17. Nf5 Qe6 18. Rfd1 d5 19. f3 Nf8 20. Ng3 dxe4
21. Nxe4 Rxd2 22. Rxd2 Re8 23. Rd1 Bg6 24. Nd6 Re7 25. Qb3 Rd7 26. Qxe6+ Nxe6
27. c3 Bf7 28. Rd2 Bg6 29. Rd1 Bf7 30. Rd2  1/2-1/2

[Event "2. BUNDESLIGA MITTE 2017/2018"]
[Site "St. Valentin, Pinggau/Villach/Taufkirchen, Fuerstenfeld, St. Veit"]
[Date "2018.02.10"]
[Round "8"]
[Board "1"]
[White "Horvath, Adam"]
[Black "Nemeth, Miklos"]
[Result "1-0"]
[WhiteElo "2486"]
[BlackElo "2494"]
[PlyCount "81"]
[EventDate "2017.10.27"]
[EventType "team"]
[EventRounds "11"]
[EventCountry "AUT"]
[WhiteTeam "RbEj Gleisdorf"]
[BlackTeam "SV Steyregg"]

1. e4 e5 2. Nf3 Nc6 3. Bb5 a6 4. Ba4 Nf6 5. Nc3 b5 6. Bb3 Bc5 7. d3 d6 8. Nd5
h6 9. c3 Rb8 10. O-O O-O 11. h3 Ba7 12. a4 b4 13. a5 Nxd5 14. Bxd5 Ne7 15. Ba2
bxc3 16. bxc3 Ng6 17. d4 Qe7 18. Re1 Bd7 19. Be3 exd4 20. Nxd4 Bc5 21. Bc4 Bxd4
22. cxd4 Qxe4 23. Bxh6 Qh4 24. Be3 Bb5 25. Qc2 Nf4 26. Bxb5 Rxb5 27. Qxc7 Rg5
28. Bxf4 Qxf4 29. Qc6 Qxd4 30. Qxa6 Qc3 31. h4 Re5 32. Red1 Rfe8 33. Qb6 Qc4
34. g3 d5 35. a6 R5e6 36. Qb7 R6e7 37. Qxd5 Re1+ 38. Rxe1 Rxe1+ 39. Rxe1 Qxd5
40. Re8+ Kh7 41. a7  1-0

[Event "2. BUNDESLIGA MITTE 2017/2018"]
[Site "St. Valentin, Pinggau/Villach/Taufkirchen, Fuerstenfeld, St. Veit"]
[Date "2018.02.10"]
[Round "8"]
[Board "2"]
[White "Kovacs, Gabor"]
[Black "Heinemann, Thies"]
[Result "1/2-1/2"]
[WhiteElo "2457"]
[BlackElo "2508"]
[PlyCount "174"]
[EventDate "2017.10.27"]
[EventType "team"]
[EventRounds "11"]
[EventCountry "AUT"]
[WhiteTeam "SV Steyregg"]
[BlackTeam "RbEj Gleisdorf"]

1. d4 Nf6 2. c4 e6 3. Nc3 Bb4 4. e3 b6 5. Bd2 Bb7 6. Nf3 Bxc3 7. Bxc3 Ne4 8.
Rc1 O-O 9. Bd3 f5 10. O-O d6 11. Qe2 Nd7 12. Rfd1 Qf6 13. Be1 Qg6 14. Nh4 Qf6
15. Nf3 e5 16. dxe5 Nxe5 17. Nxe5 Qxe5 18. f3 Nc5 19. Bb1 a5 20. Bc3 Qe7 21.
Qf2 Rae8 22. Bd4 Ne6 23. Re1 Qf7 24. Bc3 Nc5 25. b3 Re6 26. Bd4 Qh5 27. Bxc5
bxc5 28. Rf1 Rfe8 29. Rce1 Qg5 30. Qg3 Qf6 31. Qf4 Re5 32. h4 Bc6 33. Bc2 g6
34. Re2 Kg7 35. Kf2 h6 36. Rh1 R8e7 37. Rhe1 Re8 38. Rh1 Rf8 39. Qg3 Re7 40.
Qf4 Qc3 41. Rd1 Re6 42. Rb1 Qf6 43. Rh1 Re7 44. Qg3 Bd7 45. Qf4 Rh8 46. Qh2 Qc3
47. Qg1 f4 48. Be4 fxe3+ 49. Rxe3 Qb2+ 50. Re2 Qd4+ 51. Ke1 Qf6 52. Kf2 Bf5 53.
Qa1 Bxe4 54. Qxf6+ Kxf6 55. fxe4 Rhe8 56. Kf3 Ke5 57. Ke3 Rf8 58. Rd1 c6 59.
Red2 Re6 60. Rd3 g5 61. hxg5 hxg5 62. Rh1 Rf4 63. Rh5 Rxe4+ 64. Kd2 Rg4 65. g3
Kf5 66. Rf3+ Kg6 67. Rh8 Rd4+ 68. Kc3 Rde4 69. Rd3 Kf5 70. Rd8 Ke5 71. Rg8 Kf5
72. Rd8 Rg4 73. Rf8+ Kg6 74. Rd8 Kf7 75. Rd7+ Ke8 76. Ra7 Rge4 77. Rxa5 Re2 78.
a3 R6e3 79. b4 Rxd3+ 80. Kxd3 Rg2 81. bxc5 dxc5 82. Rxc5 Rxg3+ 83. Ke4 Kd7 84.
a4 Kd6 85. Rf5 Rg4+ 86. Kd3 Rg3+ 87. Ke4 Rg4+  1/2-1/2

[Event "2. BUNDESLIGA MITTE 2017/2018"]
[Site "St. Valentin, Pinggau/Villach/Taufkirchen, Fuerstenfeld, St. Veit"]
[Date "2018.02.10"]
[Round "8"]
[Board "3"]
[White "Frosch, Erich"]
[Black "Enoeckl, Philipp"]
[Result "0-1"]
[WhiteElo "2202"]
[BlackElo "2298"]
[PlyCount "98"]
[EventDate "2017.10.27"]
[EventType "team"]
[EventRounds "11"]
[EventCountry "AUT"]
[WhiteTeam "RbEj Gleisdorf"]
[BlackTeam "SV Steyregg"]

1. d4 Nf6 2. Nf3 g6 3. g3 Bg7 4. Bg2 O-O 5. O-O d6 6. b3 c5 7. Bb2 Nc6 8. d5
Na5 9. c4 a6 10. Nbd2 b5 11. Qc2 Rb8 12. Bc3 Re8 13. Rad1 e5 14. e4 h5 15. h3
Bh6 16. Qd3 Rb7 17. Nh4 Nh7 18. Kh2 Bg5 19. Ndf3 Bf6 20. Qd2 b4 21. Bb2 Bd7 22.
Rg1 Ra7 23. Bc1 Nb7 24. Bf1 a5 25. Ng2 a4 26. Ne3 axb3 27. axb3 Ng5 28. Nxg5
Bxg5 29. f4 exf4 30. gxf4 Bxf4+ 31. Kh1 Qh4 32. Qg2 Re5 33. Nf5 Bxf5 34. exf5
Rxf5 35. Qe4 Bg3 36. Bg2 Ra2 37. Rd2 Rxd2 38. Bxd2 Qxe4 39. Bxe4 Rf2 40. Rd1
Be5 41. Kg1 Bd4 42. Kh1 Na5 43. Be1 Rf1+ 44. Kg2 Rg1+ 45. Kf3 Nxb3 46. Bc2 Na5
47. Bxb4 Rxd1 48. Bxa5 Ra1 49. Bd8 Ra3+  0-1

[Event "2. BUNDESLIGA MITTE 2017/2018"]
[Site "St. Valentin, Pinggau/Villach/Taufkirchen, Fuerstenfeld, St. Veit"]
[Date "2018.02.10"]
[Round "8"]
[Board "4"]
[White "Pierecker, Markus"]
[Black "Wegerer, Fred"]
[Result "1-0"]
[WhiteElo "2204"]
[BlackElo "2135"]
[PlyCount "67"]
[EventDate "2017.10.27"]
[EventType "team"]
[EventRounds "11"]
[EventCountry "AUT"]
[WhiteTeam "SV Steyregg"]
[BlackTeam "RbEj Gleisdorf"]

1. e4 c5 2. Nf3 e6 3. d4 cxd4 4. Nxd4 a6 5. Bd3 g6 6. O-O Bg7 7. Nb3 Ne7 8. Nc3
O-O 9. Be3 Nbc6 10. Qd2 f5 11. f3 Qc7 12. a4 f4 13. Bf2 g5 14. Rfd1 Ng6 15. Bf1
Be5 16. Bc5 Rf7 17. Bd6 Qd8 18. a5 b6 19. axb6 Qxb6+ 20. Qf2 Qd8 21. Qc5 g4 22.
Na5 Bxd6 23. Rxd6 Nce5 24. Nc4 Nxc4 25. Bxc4 Qh4 26. Be2 h5 27. Rdd1 Bb7 28.
Ra5 d5 29. Qd6 Re8 30. exd5 Rg7 31. Ne4 gxf3 32. Bxf3 Bxd5 33. Raxd5 exd5 34.
Nf6+  1-0

[Event "2. BUNDESLIGA MITTE 2017/2018"]
[Site "St. Valentin, Pinggau/Villach/Taufkirchen, Fuerstenfeld, St. Veit"]
[Date "2018.02.10"]
[Round "8"]
[Board "5"]
[White "Manhardt, Thomas"]
[Black "Wiesinger, Robert"]
[Result "1/2-1/2"]
[WhiteElo "2220"]
[BlackElo "2201"]
[PlyCount "73"]
[EventDate "2017.10.27"]
[EventType "team"]
[EventRounds "11"]
[EventCountry "AUT"]
[WhiteTeam "RbEj Gleisdorf"]
[BlackTeam "SV Steyregg"]

1. e4 e5 2. Nf3 Nc6 3. d4 exd4 4. Nxd4 Nf6 5. Nxc6 bxc6 6. e5 Qe7 7. Qe2 Nd5 8.
h4 f6 9. c4 Ba6 10. exf6 Nxf6 11. Nc3 O-O-O 12. Qxe7 Bxe7 13. Bd2 Bc5 14. Be2
Rde8 15. Kf1 Rhf8 16. b3 Bd4 17. Re1 Bxc3 18. Bxc3 Ne4 19. Rh3 Nxf2 20. Rf3 Ne4
21. Bd1 d5 22. Bc2 Nxc3 23. Rxe8+ Rxe8 24. Rxc3 h6 25. Kf2 Rf8+ 26. Ke3 Rd8 27.
cxd5 cxd5 28. Bf5+ Kb8 29. Kd4 Bc8 30. Bxc8 Kxc8 31. Rc5 Rf8 32. Kxd5 Rf5+ 33.
Kc6 Rf6+ 34. Kd5 Rf5+ 35. Kc6 Rf6+ 36. Kd5 Rf5+ 37. Kc6  1/2-1/2

[Event "2. BUNDESLIGA MITTE 2017/2018"]
[Site "St. Valentin, Pinggau/Villach/Taufkirchen, Fuerstenfeld, St. Veit"]
[Date "2018.02.10"]
[Round "8"]
[Board "6"]
[White "Meyer, Gordon"]
[Black "Wanderer, Thomas"]
[Result "0-1"]
[WhiteElo "2182"]
[BlackElo "2213"]
[PlyCount "64"]
[EventDate "2017.10.27"]
[EventType "team"]
[EventRounds "11"]
[EventCountry "AUT"]
[WhiteTeam "SV Steyregg"]
[BlackTeam "RbEj Gleisdorf"]

1. e4 c5 2. Nf3 e6 3. d4 cxd4 4. Nxd4 Bc5 5. Nb3 Bb6 6. a4 Nc6 7. Nc3 Nge7 8.
Bd3 O-O 9. O-O f5 10. a5 Nxa5 11. Nxa5 Bxa5 12. Bg5 Bxc3 13. bxc3 fxe4 14. Bxe4
d5 15. Bf3 h6 16. Bh4 Qc7 17. Bxe7 Qxe7 18. Qd4 Qc7 19. Be2 b6 20. Rfe1 Bd7 21.
g3 Rac8 22. Ra3 Rf6 23. Rea1 a5 24. Rb1 Rb8 25. Rab3 e5 26. Qd2 Qc5 27. Bb5 Be6
28. Qe2 Rbf8 29. Qxe5 Qxf2+ 30. Kh1 Bg4 31. Qxd5+ Kh8 32. c4 Qf1+  0-1

[Event "2. BUNDESLIGA MITTE 2017/2018"]
[Site "St. Valentin, Pinggau/Villach/Taufkirchen, Fuerstenfeld, St. Veit"]
[Date "2018.02.10"]
[Round "8"]
[Board "1"]
[White "Perunovic, Milos"]
[Black "Korpa, Bence"]
[Result "1/2-1/2"]
[WhiteElo "2596"]
[BlackElo "2499"]
[PlyCount "60"]
[EventDate "2017.10.27"]
[EventType "team"]
[EventRounds "11"]
[EventCountry "AUT"]
[WhiteTeam "SPG Sparkasse Pinggau-Friedberg"]
[BlackTeam "SPG Fuerstenfeld/Hartberg"]

1. e4 e5 2. Nf3 Nc6 3. Bb5 Nf6 4. Nc3 Nd4 5. Bc4 Bc5 6. d3 O-O 7. Nxe5 d6 8.
Nxf7 Rxf7 9. Bxf7+ Kxf7 10. h3 Kg8 11. Be3 Qe8 12. Ne2 Nxe2 13. Qxe2 Qb5 14. d4
Qxe2+ 15. Kxe2 Bb6 16. f3 Bd7 17. c4 Re8 18. c5 dxc5 19. dxc5 Ba5 20. Rhd1 Bb5+
21. Kf2 c6 22. Bf4 b6 23. a4 Ba6 24. Bd6 bxc5 25. Bxc5 Rxe4 26. fxe4 Nxe4+ 27.
Kf3 Nxc5 28. Rac1 Nb3 29. Rc2 Bb6 30. Rc3 Nd4+  1/2-1/2

[Event "2. BUNDESLIGA MITTE 2017/2018"]
[Site "St. Valentin, Pinggau/Villach/Taufkirchen, Fuerstenfeld, St. Veit"]
[Date "2018.02.10"]
[Round "8"]
[Board "2"]
[White "Freitag, Manfred"]
[Black "Ftacnik, Lubomir"]
[Result "1/2-1/2"]
[WhiteElo "2374"]
[BlackElo "2520"]
[PlyCount "79"]
[EventDate "2017.10.27"]
[EventType "team"]
[EventRounds "11"]
[EventCountry "AUT"]
[WhiteTeam "SPG Fuerstenfeld/Hartberg"]
[BlackTeam "SPG Sparkasse Pinggau-Friedberg"]

1. d4 Nf6 2. c4 g6 3. Nc3 d5 4. cxd5 Nxd5 5. e4 Nxc3 6. bxc3 Bg7 7. Nf3 c5 8.
Rb1 O-O 9. Be2 Nc6 10. d5 Ne5 11. Nxe5 Bxe5 12. Qd2 b6 13. f4 Bg7 14. O-O e6
15. Bc4 Bb7 16. dxe6 Bxe4 17. exf7+ Kh8 18. Rb2 Qf6 19. Qe2 Bc6 20. Rd2 Rab8
21. Be6 b5 22. f5 Rb6 23. Rd3 Bb7 24. Rh3 gxf5 25. Bxf5 Rxf7 26. Rxh7+ Kg8 27.
Rh5 Kf8 28. Re1 Re7 29. Be3 Qxc3 30. Rh8+ Bxh8 31. Bh6+ Kg8 32. Qxe7 Bd4+ 33.
Kh1 Rxh6 34. Qg5+ Kf7 35. Qe7+ Kg8 36. Be6+ Rxe6 37. Qxe6+ Kg7 38. Qd7+ Kg6 39.
Qg4+ Kf7 40. Qe6+  1/2-1/2

[Event "2. BUNDESLIGA MITTE 2017/2018"]
[Site "St. Valentin, Pinggau/Villach/Taufkirchen, Fuerstenfeld, St. Veit"]
[Date "2018.02.10"]
[Round "8"]
[Board "3"]
[White "Milanovic, Danilo"]
[Black "Poetz, Florian"]
[Result "1/2-1/2"]
[WhiteElo "2488"]
[BlackElo "2385"]
[PlyCount "84"]
[EventDate "2017.10.27"]
[EventType "team"]
[EventRounds "11"]
[EventCountry "AUT"]
[WhiteTeam "SPG Sparkasse Pinggau-Friedberg"]
[BlackTeam "SPG Fuerstenfeld/Hartberg"]

1. d4 Nf6 2. Nf3 e6 3. Bf4 c5 4. e3 b6 5. Nbd2 Be7 6. h3 O-O 7. Bd3 Bb7 8. O-O
cxd4 9. exd4 d6 10. Re1 Nbd7 11. a4 a6 12. Bh2 Re8 13. Bf1 Bf8 14. Nc4 Qc7 15.
Ne3 Nd5 16. Nxd5 Bxd5 17. c4 Bb7 18. a5 bxa5 19. Re3 Bc6 20. Qe1 Reb8 21. b3
Rb4 22. Ra3 Qb6 23. Qa1 a4 24. bxa4 a5 25. Nd2 Qa7 26. Reb3 d5 27. c5 e5 28.
dxe5 Nxc5 29. Rc3 Bd7 30. Rc2 Rxa4 31. Rxa4 Bxa4 32. Rxc5 Bxc5 33. Qxa4 Bxf2+
34. Kh1 Qc5 35. Bf4 Qd4 36. Qc6 Rf8 37. e6 fxe6 38. Qxe6+ Kh8 39. Be5 Qxd2 40.
Qe7 Rg8 41. Bxg7+ Rxg7 42. Qe8+ Rg8  1/2-1/2

[Event "2. BUNDESLIGA MITTE 2017/2018"]
[Site "St. Valentin, Pinggau/Villach/Taufkirchen, Fuerstenfeld, St. Veit"]
[Date "2018.02.10"]
[Round "8"]
[Board "4"]
[White "Kuba, Guenter"]
[Black "Mahdy, Khaled"]
[Result "1/2-1/2"]
[WhiteElo "2336"]
[BlackElo "2394"]
[PlyCount "59"]
[EventDate "2017.10.27"]
[EventType "team"]
[EventRounds "11"]
[EventCountry "AUT"]
[WhiteTeam "SPG Fuerstenfeld/Hartberg"]
[BlackTeam "SPG Sparkasse Pinggau-Friedberg"]

1. e4 e5 2. Nf3 Nc6 3. Bc4 Bc5 4. c3 Nf6 5. d3 d6 6. h3 a6 7. Bb3 Ba7 8. O-O h6
9. Be3 O-O 10. Re1 Be6 11. Nbd2 Bxe3 12. Rxe3 d5 13. Re1 Re8 14. exd5 Bxd5 15.
Bxd5 Qxd5 16. Ne4 Nxe4 17. dxe4 Qxd1 18. Raxd1 Rad8 19. Kf1 Kf8 20. Ke2 f6 21.
Rxd8 Rxd8 22. Rd1 Rxd1 23. Kxd1 Nd8 24. Ne1 Ne6 25. Nd3 Ke7 26. Ke2 Kd6 27. Kd2
Ke7 28. Ke2 Kd6 29. Kd2 Ke7 30. Ke2  1/2-1/2

[Event "2. BUNDESLIGA MITTE 2017/2018"]
[Site "St. Valentin, Pinggau/Villach/Taufkirchen, Fuerstenfeld, St. Veit"]
[Date "2018.02.10"]
[Round "8"]
[Board "5"]
[White "Danner, Georg"]
[Black "Csonka, Attila"]
[Result "1/2-1/2"]
[WhiteElo "2316"]
[BlackElo "2378"]
[PlyCount "41"]
[EventDate "2017.10.27"]
[EventType "team"]
[EventRounds "11"]
[EventCountry "AUT"]
[WhiteTeam "SPG Sparkasse Pinggau-Friedberg"]
[BlackTeam "SPG Fuerstenfeld/Hartberg"]

1. d4 Nf6 2. Nf3 e6 3. e3 b6 4. Bd3 Bb7 5. O-O Be7 6. c4 O-O 7. Nc3 d5 8. b3 c5
9. Bb2 cxd4 10. exd4 Nbd7 11. Qe2 Rc8 12. Rac1 Re8 13. Rfd1 Bf8 14. Ne5 dxc4
15. Bxc4 Nxe5 16. dxe5 Nd7 17. Bb5 Bc6 18. Bc4 Bb7 19. Bb5 Bc6 20. Bc4 Bb7 21.
Bb5  1/2-1/2

[Event "2. BUNDESLIGA MITTE 2017/2018"]
[Site "St. Valentin, Pinggau/Villach/Taufkirchen, Fuerstenfeld, St. Veit"]
[Date "2018.02.10"]
[Round "8"]
[Board "6"]
[White "Postl, Anton"]
[Black "Schieder, Andreas"]
[Result "1/2-1/2"]
[WhiteElo "2267"]
[BlackElo "2237"]
[PlyCount "62"]
[EventDate "2017.10.27"]
[EventType "team"]
[EventRounds "11"]
[EventCountry "AUT"]
[WhiteTeam "SPG Fuerstenfeld/Hartberg"]
[BlackTeam "SPG Sparkasse Pinggau-Friedberg"]

1. d4 d6 2. Nf3 Bg4 3. c4 Nd7 4. Qb3 Rb8 5. h3 Bxf3 6. Qxf3 g6 7. e3 Bg7 8. Qd1
e5 9. Nc3 f5 10. Be2 Ngf6 11. O-O O-O 12. dxe5 Nxe5 13. b3 g5 14. f4 gxf4 15.
exf4 Nc6 16. Rb1 Kh8 17. Qd3 Nb4 18. Qd1 c5 19. Bf3 d5 20. cxd5 Re8 21. Kh1 Ng4
22. Ne2 Qh4 23. a3 Na2 24. Bd2 Nf2+ 25. Rxf2 Qxf2 26. Be1 Qf1+ 27. Kh2 Re3 28.
Ng3 Qd3 29. Qxd3 Rxd3 30. Nxf5 Nc3 31. Rc1 Bf6  1/2-1/2

[Event "2. BUNDESLIGA MITTE 2017/2018"]
[Site "St. Valentin, Pinggau/Villach/Taufkirchen, Fuerstenfeld, St. Veit"]
[Date "2018.02.10"]
[Round "8"]
[Board "1"]
[White "Schnider, Gert"]
[Black "Pilaj, Herwig"]
[Result "1-0"]
[WhiteElo "2412"]
[BlackElo "2346"]
[PlyCount "63"]
[EventDate "2017.10.27"]
[EventType "team"]
[EventRounds "11"]
[EventCountry "AUT"]
[WhiteTeam "Schachfreunde Graz"]
[BlackTeam "SC DieKlagenfurter"]

1. b3 e5 2. Bb2 d6 3. e3 Nf6 4. Ne2 Nbd7 5. c4 c6 6. d4 Be7 7. Ng3 O-O 8. Nf5
Re8 9. Nxe7+ Qxe7 10. Be2 e4 11. Nc3 d5 12. cxd5 Nxd5 13. Nxd5 cxd5 14. O-O Qg5
15. Qc2 Nf6 16. Rfc1 h5 17. Bf1 h4 18. Qc7 b6 19. Ba3 Be6 20. Be7 Kh7 21. a4
Qf5 22. Qd6 Rac8 23. Ba6 Rxc1+ 24. Rxc1 h3 25. Bxf6 Qxf6 26. g3 Rd8 27. Qf4
Qxf4 28. exf4 Rd7 29. f5 Bxf5 30. Bc8 g6 31. Bxd7 Bxd7 32. Rc7  1-0

[Event "2. BUNDESLIGA MITTE 2017/2018"]
[Site "St. Valentin, Pinggau/Villach/Taufkirchen, Fuerstenfeld, St. Veit"]
[Date "2018.02.10"]
[Round "8"]
[Board "2"]
[White "Singer, Hans"]
[Black "Huber, Martin Christian"]
[Result "1/2-1/2"]
[WhiteElo "2175"]
[BlackElo "2365"]
[PlyCount "80"]
[EventDate "2017.10.27"]
[EventType "team"]
[EventRounds "11"]
[EventCountry "AUT"]
[WhiteTeam "SC DieKlagenfurter"]
[BlackTeam "Schachfreunde Graz"]

1. Nf3 Nf6 2. c4 g6 3. Nc3 Bg7 4. e4 d6 5. d4 O-O 6. h3 Na6 7. Be3 e5 8. dxe5
dxe5 9. Qc2 Nh5 10. Rd1 Qe8 11. a3 c6 12. b4 Qe7 13. c5 Nc7 14. Bc4 Nf4 15.
Bxf4 exf4 16. O-O Ne6 17. Ne2 Ng5 18. Nxg5 Qxg5 19. Qb3 b6 20. cxb6 axb6 21.
Nd4 b5 22. Be2 Ra6 23. e5 Bxe5 24. Rfe1 Bxd4 25. Rxd4 Be6 26. Qc3 Bd5 27. Bf3
Bxf3 28. Qxf3 Rfa8 29. h4 Qh5 30. Rxf4 Rxa3 31. Qe4 R3a7 32. g3 Rc8 33. Rc1
Rac7 34. Rc5 Qh6 35. Kg2 Qf8 36. Rf6 Qe7 37. Qf3 Kg7 38. Rf4 Kg8 39. h5 Qf8 40.
Rf6 Qe8  1/2-1/2

[Event "2. BUNDESLIGA MITTE 2017/2018"]
[Site "St. Valentin, Pinggau/Villach/Taufkirchen, Fuerstenfeld, St. Veit"]
[Date "2018.02.10"]
[Round "8"]
[Board "3"]
[White "Kravanja, Georg"]
[Black "Genser, Harald"]
[Result "1/2-1/2"]
[WhiteElo "2267"]
[BlackElo "2296"]
[PlyCount "86"]
[EventDate "2017.10.27"]
[EventType "team"]
[EventRounds "11"]
[EventCountry "AUT"]
[WhiteTeam "Schachfreunde Graz"]
[BlackTeam "SC DieKlagenfurter"]

1. d4 d5 2. c4 e6 3. Nf3 Nf6 4. g3 Be7 5. Bg2 O-O 6. O-O dxc4 7. a4 Bd7 8. Ne5
Bc6 9. Nxc6 Nxc6 10. Bxc6 bxc6 11. Qc2 Qxd4 12. Be3 Qe4 13. Qxe4 Nxe4 14. Rc1
Nd6 15. Nd2 Nf5 16. Nxc4 c5 17. Rd1 Nxe3 18. Nxe3 Rfb8 19. Rd7 Bd6 20. Nc4 Rd8
21. Rxd8+ Rxd8 22. Rd1 Kf8 23. Rd3 Rb8 24. b3 Ke7 25. e4 f6 26. f4 e5 27. f5 a6
28. Kg2 Rd8 29. g4 h6 30. Kg3 Kf7 31. h4 Ke7 32. h5 Rb8 33. Kf3 Rb4 34. Ke2 Rb8
35. Kd2 Rb4 36. Kc2 Rb8 37. Ne3 c6 38. Rc3 Kd7 39. Nc4 Kc7 40. Nb2 Be7 41. Rd3
Rb4 42. Nc4 Rb8 43. Rd1 Rb4  1/2-1/2

[Event "2. BUNDESLIGA MITTE 2017/2018"]
[Site "St. Valentin, Pinggau/Villach/Taufkirchen, Fuerstenfeld, St. Veit"]
[Date "2018.02.10"]
[Round "8"]
[Board "4"]
[White "Petschar, Kurt"]
[Black "Teuschler, Barbara"]
[Result "0-1"]
[WhiteElo "2269"]
[BlackElo "2202"]
[PlyCount "82"]
[EventDate "2017.10.27"]
[EventType "team"]
[EventRounds "11"]
[EventCountry "AUT"]
[WhiteTeam "SC DieKlagenfurter"]
[BlackTeam "Schachfreunde Graz"]

1. d4 Nf6 2. c4 b6 3. Nc3 Bb7 4. Bg5 d6 5. Bxf6 exf6 6. e4 Qe7 7. Nf3 f5 8. Bd3
fxe4 9. Bxe4 f5 10. O-O fxe4 11. Re1 Kd8 12. d5 exf3 13. Rxe7 Bxe7 14. Qxf3 Nd7
15. Re1 Ne5 16. Qe2 Bc8 17. f4 Ng6 18. g3 Bd7 19. Nb5 Bf6 20. Qd2 Bxb5 21. cxb5
a6 22. bxa6 Rxa6 23. a3 Ra5 24. Re3 Re8 25. Rd3 Rc5 26. b4 Rc4 27. a4 Ree4 28.
a5 Rxb4 29. a6 Ra4 30. Kg2 Rxa6 31. Kh3 Ne7 32. Re3 Rxe3 33. Qxe3 Ra5 34. g4 h6
35. g5 hxg5 36. fxg5 Be5 37. Qf2 Rxd5 38. Kg4 b5 39. h4 Rd4+ 40. Kh5 g6+ 41.
Kh6 Rxh4+  0-1

[Event "2. BUNDESLIGA MITTE 2017/2018"]
[Site "St. Valentin, Pinggau/Villach/Taufkirchen, Fuerstenfeld, St. Veit"]
[Date "2018.02.10"]
[Round "8"]
[Board "5"]
[White "Domarkaite, Laima"]
[Black "Titz, Heimo"]
[Result "1-0"]
[WhiteElo "2129"]
[BlackElo "2137"]
[PlyCount "37"]
[EventDate "2017.10.27"]
[EventType "team"]
[EventRounds "11"]
[EventCountry "AUT"]
[WhiteTeam "Schachfreunde Graz"]
[BlackTeam "SC DieKlagenfurter"]

1. e4 c5 2. Nf3 Nc6 3. c3 Nf6 4. e5 Nd5 5. d4 cxd4 6. cxd4 d6 7. Bc4 e6 8. O-O
Be7 9. Qe2 O-O 10. a3 a6 11. Qe4 Na5 12. Ba2 b5 13. Re1 Bb7 14. Qg4 dxe5 15.
Bh6 g6 16. dxe5 Re8 17. Nbd2 Rc8 18. b4 Nc4 19. Bxc4 {Partieformulare
unleserlich, daher konnte weitere Stellung nicht eingegeben werden}  1-0

[Event "2. BUNDESLIGA MITTE 2017/2018"]
[Site "St. Valentin, Pinggau/Villach/Taufkirchen, Fuerstenfeld, St. Veit"]
[Date "2018.02.10"]
[Round "8"]
[Board "6"]
[White "Waldmann, Gerald"]
[Black "Kastner, Walter"]
[Result "1/2-1/2"]
[WhiteElo "2122"]
[BlackElo "2191"]
[PlyCount "77"]
[EventDate "2017.10.27"]
[EventType "team"]
[EventRounds "11"]
[EventCountry "AUT"]
[WhiteTeam "SC DieKlagenfurter"]
[BlackTeam "Schachfreunde Graz"]

1. e4 e5 2. Nf3 Nf6 3. Nxe5 d6 4. Nf3 Nxe4 5. Nc3 Nxc3 6. dxc3 Be7 7. Be3 O-O
8. Qd2 Qe8 9. O-O-O Qa4 10. Kb1 Be6 11. c4 Nd7 12. Bd4 Bf6 13. Bxf6 Nxf6 14.
Nd4 Qd7 15. Bd3 a6 16. Qg5 Rae8 17. h3 Qd8 18. Qh4 Bd7 19. g4 g6 20. f4 Re3 21.
f5 Ne4 22. Qh6 Qg5 23. Qxg5 Nxg5 24. h4 Ne4 25. Rde1 Rxe1+ 26. Rxe1 Nf2 27. Rg1
Re8 28. Kc1 c5 29. Nb3 Bc6 30. Kd2 b6 31. Nc1 Re5 32. fxg6 fxg6 33. Rg3 Ne4+
34. Bxe4 Rxe4 35. Rd3 Re6 36. Ra3 Bb7 37. Rb3 d5 38. cxd5 Bxd5 39. Rd3  1/2-1/2

[Event "2. BUNDESLIGA MITTE 2017/2018"]
[Site "St. Valentin, Pinggau/Villach/Taufkirchen, Fuerstenfeld, St. Veit"]
[Date "2018.02.11"]
[Round "9"]
[Board "1"]
[White "Korpa, Bence"]
[Black "Schmidt, Peter"]
[Result "1-0"]
[WhiteElo "2499"]
[BlackElo "2392"]
[PlyCount "129"]
[EventDate "2017.10.27"]
[EventType "team"]
[EventRounds "11"]
[EventCountry "AUT"]
[WhiteTeam "SPG Fuerstenfeld/Hartberg"]
[BlackTeam "SPG Sauwald"]

1. e4 g6 2. d4 Bg7 3. Nc3 d6 4. f4 a6 5. Nf3 b5 6. Bd3 Nd7 7. e5 Nh6 8. h4 c5
9. h5 cxd4 10. Ne4 Nc5 11. Nxc5 dxc5 12. a4 Rb8 13. axb5 axb5 14. Ng5 Bg4 15.
Qd2 Bxh5 16. Nxh7 Rxh7 17. Rxh5 gxh5 18. Bxh7 e6 19. Be4 Ng4 20. g3 f5 21. Bf3
Kf7 22. Ra7+ Kg6 23. Ra6 Kf7 24. Ra7+ Kg6 25. Qa5 Qxa5+ 26. Rxa5 Rb6 27. Ra8
Ne3 28. Bxe3 dxe3 29. Ke2 c4 30. Kxe3 b4 31. Kd4 c3 32. bxc3 bxc3 33. Kxc3 h4
34. gxh4 Bh6 35. Ra4 Rb1 36. Kd3 Rf1 37. Ke2 Rc1 38. Kd2 Rf1 39. Ke2 Rc1 40.
Rc4 Kf7 41. Ke3 Re1+ 42. Kf2 Rc1 43. Kg2 Re1 44. Rd4 Rc1 45. Bd1 Ke7 46. Kf3
Ra1 47. Ke2 Ra3 48. Kd2 Ra5 49. Kd3 Ra1 50. Be2 Rh1 51. h5 Rh3+ 52. Kd2 Rh4 53.
Ke3 Rh3+ 54. Bf3 Rh2 55. c4 Rc2 56. Bd1 Rc3+ 57. Kd2 Ra3 58. c5 Ra5 59. Rc4 Kd7
60. Ba4+ Kc7 61. Kc3 Ra8 62. Rd4 Rd8 63. Bb3 Re8 64. Kd3 Bf8 65. Rd6  1-0

[Event "2. BUNDESLIGA MITTE 2017/2018"]
[Site "St. Valentin, Pinggau/Villach/Taufkirchen, Fuerstenfeld, St. Veit"]
[Date "2018.02.11"]
[Round "9"]
[Board "2"]
[White "Renner, Christoph"]
[Black "Freitag, Manfred"]
[Result "1-0"]
[WhiteElo "2349"]
[BlackElo "2374"]
[PlyCount "137"]
[EventDate "2017.10.27"]
[EventType "team"]
[EventRounds "11"]
[EventCountry "AUT"]
[WhiteTeam "SPG Sauwald"]
[BlackTeam "SPG Fuerstenfeld/Hartberg"]

1. d4 Nf6 2. Nf3 d5 3. c4 e6 4. Nc3 Bb4 5. Qa4+ Nc6 6. e3 Bd7 7. Qc2 dxc4 8.
Bxc4 Qe7 9. O-O O-O 10. a3 Bd6 11. b4 a6 12. Bb2 e5 13. d5 Na7 14. e4 Nc8 15.
Rfc1 Nb6 16. Bf1 Nh5 17. Nd2 g6 18. Qd1 Ng7 19. Nb3 Na4 20. Qd2 Nxb2 21. Qxb2
f5 22. Na5 b6 23. Nc4 f4 24. Nxd6 cxd6 25. b5 a5 26. Na4 Rab8 27. Rc6 Bxc6 28.
dxc6 Ne8 29. Rd1 Nc7 30. Bc4+ Kh8 31. Nc3 Rf6 32. Kh1 g5 33. f3 g4 34. Be2 Rh6
35. fxg4 Qh4 36. h3 Rf8 37. Bf3 Ne6 38. Ne2 Qf2 39. Qc3 Qc5 40. Rd5 Qxc3 41.
Nxc3 Nc7 42. g5 Rg6 43. h4 Rd8 44. Bg4 Rg7 45. Bf5 h6 46. g6 Re7 47. Kg1 Kg7
48. Kf2 Kf6 49. Kf3 Rg7 50. Kg4 Rxg6+ 51. Bxg6 Kxg6 52. Na4 h5+ 53. Kf3 Na8 54.
Nb2 Kf6 55. Nc4 Ke6 56. a4 Ke7 57. g3 fxg3 58. Kxg3 Rg8+ 59. Kf3 Rg6 60. Rd1
Rf6+ 61. Ke2 Rg6 62. Ne3 Kd8 63. Nf5 Kc7 64. Kf3 Rf6 65. Rg1 Kb8 66. Rg8+ Ka7
67. Rg7+ Kb8 68. Rb7+ Kc8 69. Ke3  1-0